| 000 | 01057cam a2200277 a 4500 | ||
|---|---|---|---|
| 999 |
_c17950 _d17950 |
||
| 001 | 11910230 | ||
| 005 | 20161130111124.0 | ||
| 008 | 000211s1999 enka 001 0beng | ||
| 010 | _a 00300338 | ||
| 020 | _a0571196276 | ||
| 040 |
_aDLC _cDLC |
||
| 043 | _ae-uk-en | ||
| 050 | 0 | 0 |
_aN8660 _b.F685V96 1999 |
| 100 | 1 | _aVyner, Harriet. | |
| 245 | 1 | 0 |
_aGroovy Bob : _bthe life and times of Robert Fraser / _cHarriet Vyner. |
| 260 |
_aLondon : _bFaber and Faber, _c1999. |
||
| 300 |
_axii, 317 p. : _bill. ; _c24 cm. |
||
| 500 | _aIncludes index. | ||
| 600 | 1 | 0 |
_aFraser, Robert, _d1937-1986. |
| 650 | 0 |
_aArt dealers _zEngland _vBiography. |
|
| 650 | 0 |
_aArts, British _zEngland _zLondon _y20th century. |
|
| 651 | 0 |
_aLondon (England) _xSocial life and customs _y20th century. |
|
| 942 |
_2lcc _cBOOKS _hN8660 .F685V96 1999 |
||